Rosas y Thiers: la diplomacia europea en el Río de la Plata 1838-1850

Guardat en:
Dades bibliogràfiques
Autor principal: Pereyra, Carlos (Autor)
Format: Llibre
Idioma:espanyol
Publicat: Buenos Aires Padilla y Contreras 1944
Matèries:
Etiquetes: Afegir etiqueta
Sense etiquetes, Sigues el primer a etiquetar aquest registre!

MARC

LEADER 00000nam a2200000 a 4500
001 UCO3167
003 CL-VaPUC
008 000714e19440000AG |||||||||||||||||spa|d
082 0 4 |a 327.8204  |b PER  |2 21 
100 0 |a Pereyra, Carlos  |e author  |9 446224 
245 1 0 |a Rosas y Thiers: la diplomacia europea en el Río de la Plata 1838-1850 
300 |a 262 p 
942 |c BK 
945 |d 20000714 00:00:00  |a rherrera 
260 |a Buenos Aires  |b Padilla y Contreras  |c 1944 
600 0 |a Rosas, Juan Manuel de   |9 438178 
600 0 7 |a THIERS, ADOLPHE  |2 CL-VaPUC  |9 447077 
650 7 |a DIPLOMACIA ARGENTINA  |2 CL-VaPUC  |9 446983 
650 0 |a Relaciones Internacionales  |9 255740 
650 7 |a HISTORIA DE ARGENTINA SIGLO 19  |2 CL-VaPUC  |9 378483 
651 0 |a Argentina  |9 254888 
651 0 |a Europa  |9 255156 
583 |a last modification  |c 20160829 03:26:52  |k Rodrigo Vera 
999 |c 289637  |d 289635 
952 |0 0  |1 0  |4 0  |6 327_820400000000000_PER_1944  |7 0  |8 X  |9 338207  |a BIBHIS  |b BIBHIS  |d 2019-11-20  |i 1299840  |o 327.8204 PER 1944  |p 1299840  |r 2024-01-30  |w 2019-11-20  |y BK_X  |k HIS